|
|
|
|
| LEADER |
02644nam a22003853i 4500 |
| 001 |
EBC6695265 |
| 003 |
MiAaPQ |
| 005 |
20231204023218.0 |
| 006 |
m o d | |
| 007 |
cr cnu|||||||| |
| 008 |
231204s2015 xx o ||||0 ger d |
| 020 |
|
|
|a 9783839431153
|q (electronic bk.)
|
| 020 |
|
|
|z 9783837631159
|
| 035 |
|
|
|a (MiAaPQ)EBC6695265
|
| 035 |
|
|
|a (Au-PeEL)EBL6695265
|
| 035 |
|
|
|a (OCoLC)912325090
|
| 040 |
|
|
|a MiAaPQ
|b eng
|e rda
|e pn
|c MiAaPQ
|d MiAaPQ
|
| 100 |
1 |
|
|a Bischof, Karin.
|
| 245 |
1 |
0 |
|a Global Player EU? :
|b Eine ideologiekritische Metaphernanalyse.
|
| 250 |
|
|
|a 1st ed.
|
| 264 |
|
1 |
|a Bielefeld :
|b transcript,
|c 2015.
|
| 264 |
|
4 |
|c ©2015.
|
| 300 |
|
|
|a 1 online resource (243 pages)
|
| 336 |
|
|
|a text
|b txt
|2 rdacontent
|
| 337 |
|
|
|a computer
|b c
|2 rdamedia
|
| 338 |
|
|
|a online resource
|b cr
|2 rdacarrier
|
| 490 |
1 |
|
|a Edition Politik ;
|v v.24
|
| 505 |
0 |
|
|a Cover -- Inhalt -- Einleitung -- 1. Metaphern und deren Relevanz in der politischen Theorie -- 1.1 Metaphern im politischen Denken -- 1.2 Metaphern in der Politikwissenschaft - zum Forschungsstand -- 1.3 Im Dickicht der Metapherntheorien - theoretische Paradigmen -- 1.4 Hermeneutische Metapherntheorie -- 1.5 »Embodied mind« - die kognitivistische Metapherntheorie -- 1.6 Gesellschaftstheoretische Einbettung der Metapher -- 1.7 Eckpunkte des Metaphernverständnisses -- 1.8 Metaphernanalyse und Ideologiekritik -- 2. Metaphern der EU/Europas im Printmediendiskurs -- 2.1 Fragen -- 2.2 Zur Auswahl des untersuchten Diskurses -- 2.3 Methodologie und Daten -- 2.3.1 Metaphernanalyse nach Musolff -- 2.4 Metaphern Europas/der EU im Printmediendiskurs um den EUBeitritt der Türkei -- 2.5 Resümee -- 3. Die EU als global player - vertiefende Analyse -- 3.1 Der global player als Trägerfigur neoliberaler Ideologie -- 3.2 Der global player als Trägerfigur hegemonialer Männlichkeit -- 3.3 Der global player im Kontext von Logiken der Inklusion und Exklusion -- 3.4 Forschungsdesiderat: EUropa-Metaphern in der Wirtschafts- und Finanzkrise -- Resümee -- Literatur.
|
| 588 |
|
|
|a Description based on publisher supplied metadata and other sources.
|
| 590 |
|
|
|a Electronic reproduction. Ann Arbor, Michigan : ProQuest Ebook Central, 2023. Available via World Wide Web. Access may be limited to ProQuest Ebook Central affiliated libraries.
|
| 655 |
|
4 |
|a Electronic books.
|
| 776 |
0 |
8 |
|i Print version:
|a Bischof, Karin
|t Global Player EU?
|d Bielefeld : transcript,c2015
|z 9783837631159
|
| 797 |
2 |
|
|a ProQuest (Firm)
|
| 830 |
|
0 |
|a Edition Politik
|
| 856 |
4 |
0 |
|u https://ebookcentral.proquest.com/lib/matrademy/detail.action?docID=6695265
|z Click to View
|